BIBLIOTECA

SENCICO

Autocad 2017 (Registro nro. 1432)

Detalles MARC
000 -LEADER
fixed length control field 00656nam a2200241Ia 4500
005 - DATE AND TIME OF LATEST TRANSACTION
control field 20251020182511.0
008 - FIXED-LENGTH DATA ELEMENTS--GENERAL INFORMATION
fixed length control field 200515s9999 xx 000 0 und d
020 ## - INTERNATIONAL STANDARD BOOK NUMBER
International Standard Book Number 978-612-304-518-0
082 ## - DEWEY DECIMAL CLASSIFICATION NUMBER
Classification number 65.919/C26/2017
100 ## - MAIN ENTRY--PERSONAL NAME
Personal name Carranza Zavala, Óscar
245 #0 - TITLE STATEMENT
Title Autocad 2017
250 ## - EDITION STATEMENT
Edition statement 1a ed.
260 ## - PUBLICATION, DISTRIBUTION, ETC.
Place of publication, distribution, etc. Lima
260 ## - PUBLICATION, DISTRIBUTION, ETC.
Name of publisher, distributor, etc. Macro E.I.R.L.
260 ## - PUBLICATION, DISTRIBUTION, ETC.
Date of publication, distribution, etc. 2017
300 ## - PHYSICAL DESCRIPTION
Extent 495 p.
300 ## - PHYSICAL DESCRIPTION
Other physical details il., tbl., graf.
500 ## - GENERAL NOTE
General note 1 ejemplar
520 ## - SUMMARY, ETC.
Summary, etc. Permite conocer ampliamenter las nuevas mejoras, funciones y herramientas de Autocad a través de su versión más reciente.
650 ## - SUBJECT ADDED ENTRY--TOPICAL TERM
Topical term or geographic name entry element AUTOCAD
942 ## - ADDED ENTRY ELEMENTS (KOHA)
Koha item type Libros
Existencias
Fecha de la última vez que lo usaron Pago total Signatura topográfica completa Código de barras Precio efectivo desde Tipo de documento Estado perdido Estado dañado No es para préstamo Retirado Ubicación permanente Ubicación actual Fecha de adquisición
15/05/2020   65.919/C26/2017 Bib-Lima15051432 15/05/2020 Libros         Biblioteca Central Lima Biblioteca Central Lima 15/05/2020